| 000 | 00668nam a22002417a 4500 | ||
|---|---|---|---|
| 001 | 14364 | ||
| 003 | BD-JhCC | ||
| 005 | 20250716101920.0 | ||
| 008 | 250716b |||||||| |||| 00| 0 eng d | ||
| 020 | _a9780141398259 | ||
| 035 | _a(BD-JhCC) 14364 | ||
| 040 |
_aBD-JhCC _dBD-JhCC |
||
| 041 | _aeng | ||
| 082 |
_223 _a823 _bKEN |
||
| 100 | _aKenko | ||
| 245 |
_aA Cup of Sake Beneath the Cherry Trees / _cKenko, Translated by Meredith McKinney |
||
| 260 |
_aIndia: _bPenguin Classics, _c2015 |
||
| 300 |
_a50p.; _c16 cm. _ePaper binding |
||
| 490 |
_aPenguin Little Black Classic _v11 |
||
| 650 | _aEnglish Novel | ||
| 700 | _aMcKinney,Meredith | ||
| 942 |
_2ddc _cBK |
||
| 999 |
_c14364 _d14364 |
||